000 00477nam a2200145 4500
999 _c4849
_d4849
008 160926b xxu||||| |||| 00| 0 eng d
022 _a16565649
082 _aDPer 303.405 H22 May-Sept 2015 n. 6-10
245 _aMobility is a double edged sword.
260 _aQuezon City:
_bHardware Zone Phils. Corp.,
_c ©2015.
300 _av11 i8, pages 14-15;
_c30 cm.
500 _aHWM Philippines.
650 0 _915288
_aBusiness enterprises
_xComputer networks
942 _2ddc
_cPER